Women's self-perception: an inter-sector comparison of construction, legal and nursing professionals (Record no. 118413)
[ view plain ]
| 000 -LEADER | |
|---|---|
| fixed length control field | 01374cam a2200253 4500 |
| 001 - CONTROL NUMBER | |
| control field | ABS68500 |
| 008 - FIXED-LENGTH DATA ELEMENTS--GENERAL INFORMATION | |
| fixed length control field | 041206n2004 000 0 eng u |
| 035 ## - SYSTEM CONTROL NUMBER | |
| System control number | (Sirsi) u128210 |
| 100 ## - MAIN ENTRY--PERSONAL NAME | |
| Personal name | Chandra, V. |
| 245 ## - TITLE STATEMENT | |
| Title | Women's self-perception: an inter-sector comparison of construction, legal and nursing professionals |
| 260 ## - PUBLICATION, DISTRIBUTION, ETC. | |
| Date of publication, distribution, etc. | 2004 |
| 490 ## - SERIES STATEMENT | |
| Series statement | Construction Management and Economics |
| Volume/sequential designation | 22(9) November 2004, 947-956(10) |
| 520 ## - SUMMARY, ETC. | |
| Summary, etc. | Compares women in the construction industry with other male dominated and female dominated industries, revealing little variation in self-perception. Women in the construction industry emerge relatively positive, with the highest overall level of self-esteem. This is despite considerable evidence of significant barriers to entry and career progression for women in construction, compared to other industries. Concludes the construction industry is not a special case and that support strategies used in other industries are directly transferable, although the culture of the construction industry may make them more difficult to implement. Graphs and references. |
| 590 ## - LOCAL NOTE (RLIN) | |
| Local note | ABS |
| 590 ## - LOCAL NOTE (RLIN) | |
| Local note | ABS |
| 650 ## - SUBJECT ADDED ENTRY--TOPICAL TERM | |
| Topical term or geographic name entry element | GENDER |
| 650 ## - SUBJECT ADDED ENTRY--TOPICAL TERM | |
| Topical term or geographic name entry element | EQUAL OPPORTUNITIES |
| 650 ## - SUBJECT ADDED ENTRY--TOPICAL TERM | |
| Topical term or geographic name entry element | WOMEN |
| 650 ## - SUBJECT ADDED ENTRY--TOPICAL TERM | |
| Topical term or geographic name entry element | PROFESSIONALS |
| 650 ## - SUBJECT ADDED ENTRY--TOPICAL TERM | |
| Topical term or geographic name entry element | LAWYERS |
| 690 ## - LOCAL SUBJECT ADDED ENTRY--TOPICAL TERM (OCLC, RLIN) | |
| Topical term or geographic name as entry element | BUILDING AND CONSTRUCTION-MANAGEMENT |
| 700 ## - ADDED ENTRY--PERSONAL NAME | |
| Personal name | Loosemore, M. |
| 942 ## - ADDED ENTRY ELEMENTS (KOHA) | |
| Suppress in OPAC | 0 |
| Withdrawn status | Lost status | Source of classification or shelving scheme | Damaged status | Not for loan | Home library | Current library | Shelving location | Date acquired | Total Checkouts | Full call number | Barcode | Date last seen | Copy number | Price effective from | Koha item type |
|---|---|---|---|---|---|---|---|---|---|---|---|---|---|---|---|
| Dewey Decimal Classification | London | London | Journal article | 06/12/2004 | ABS68500 | 128210-1001 | 06/08/2019 | 1 | 06/08/2019 | Journal article |